Cartusia Brunensis 2 : Dokončení rehabilitace Královopolského kláštera a nový areál Fakulty informačních technologií VUT v Brně /

Salvato in:
Dettagli Bibliografici
Autori principali: Bukovský, Jan (Autore), Hubáčková, Blažena (Autore)
Natura: Libro
Lingua:ceco
Pubblicazione: Brno : Vysoké učení technické v Brně / Nakladatelství VUTIUM, 2010
Edizione:1. vydanie
Soggetti:
Tags: Aggiungi Tag
Nessun Tag, puoi essere il primo ad aggiungerne!!

MARC

LEADER 00000nam a22000003a 4500
001 0085318
003 SK-STU
005 20201210141243.2
007 ta
008 201210s ----xo-----e------000-0-----d
020 |a 978-80-214-4045-6 
040 |a STU  |b slo 
041 0 |a cze 
044 |a xr 
100 1 |a Bukovský, Jan  |4 aut 
245 1 0 |a Cartusia Brunensis 2 :  |b Dokončení rehabilitace Královopolského kláštera a nový areál Fakulty informačních technologií VUT v Brně /  |c aut. Jan Bukovský, Blažena Hubáčková 
250 |a 1. vydanie 
260 |a Brno :  |b Vysoké učení technické v Brně / Nakladatelství VUTIUM,  |c 2010 
300 |a 83 s. 
650 0 7 |a prestavba budov 
650 0 7 |a transformácia 
650 0 7 |a kláštor 
650 0 7 |a vysokoškolský areál 
650 0 7 |a Brno 
700 1 |a Hubáčková, Blažena  |4 aut 
996 |b 284AU08529  |c A* 11792/U  |l AAKNAR  |s A  |a 24  |w 0085318_0001